| 000 | 00779nam a2200253Ia 4500 | ||
|---|---|---|---|
| 003 | OSt | ||
| 005 | 20221007064327.0 | ||
| 006 | a|||||r|||| 00| 0 | ||
| 007 | ta | ||
| 008 | 221006b |||||||| |||| 00| 0 eng d | ||
| 024 | _a1,054 | ||
| 037 | _cReference Collections | ||
| 040 |
_aFLL _cFLL _beng |
||
| 041 |
_2eng _aeng |
||
| 082 | _aX5-62.2.2.N78t, L8 | ||
| 110 |
_aBanking Laws committee, Govt. of India (Delhi India) _9685658 |
||
| 245 | 0 | _aBanking laws committee | |
| 260 |
_aDelhi _bBanking Laws Committee India _c1978 |
||
| 300 |
_a294p _ccm. |
||
| 650 |
_aBanking Law _9421663 |
||
| 700 |
_aBanking Laws committee, Govt. of India (Delhi India) _9685659 |
||
| 942 |
_hX5-62.2.2.N78t, L8 _cREF _2CC |
||
| 999 |
_c1133724 _d1133724 |
||